000 00675nam a22002057a 4500
005 20240119160017.0
010 _aENG-138950-51
020 _a9789395116237 (sets of 2vol.)
_c5995.00
035 _aEN-122482-83
037 _bDBAD/PUB
082 _a342.54
100 _aJain, M.P.
_961162
245 _aIndian constitutional law /
_cby M.P. Jain
250 _a8th ed
260 _aGurgaon
_bLexis Nexis
_c2023
270 _a14th Floor, Building N-10,Tower- B, DLF Cyber City, Phase-11,
_bGurgaon (Haryana)
_e122002
300 _a2vol.(cccliv,1701,35p.;cccliv,3325,35p.:)
_b27cm(HB)
_cill.
500 _aIncludes index
942 _2ddc
_cEN
_h342.54
_mJAI
999 _c200302
_d200302